000 00708nam a2200205 i 4500
001 62751
003 ES-MaACL
005 20230906164725.0
007 t|
008 031125s1950 sp ||||1| spa d
100 1 _aFernández Llera, Víctor.
_949878
245 1 0 _aVíctor Fernández Llera /
_cselección y estudio de Javier Cruzado.
260 _a[S.l. :
_bs.n.,
_c1950] (
_eSantander :
_fImp. Libreria Moderna)
300 _aXCI, 77 p. ;
_c18 cm.
490 1 _aAntología de escritores y artistas montañeses ;
_v11
700 1 _aCruzado, Javier.
_941865
830 0 _aAntología de escritores y artistas montañeses ;
_v11
_9182852
852 _aES-MaACL
_jD-6074
_bR.31276
999 _c62751
_d62751